Every Urban Area in the U.S. Southwest on a Map - Statistics

General Stats
  • This quiz has been taken 96 times
  • The average score is 41 of 129
Answers on the Map
Answers color-coded by a green-red scale on the quiz's map according to % correct below.
 
Answer Stats
Urban Area Population % Correct
Phoenix 3,976,313
100%
Las Vegas 14,530 | 2,196,623
99%
Phoenix West 419,946
99%
Salt Lake City 1,178,533
99%
Albuquerque 769,837
98%
Reno 446,529
95%
Santa Fe 94,241
94%
Carson City 61,629
93%
Tucson 875,441
91%
Flagstaff 79,842
84%
Yuma 135,717
81%
Provo 588,609
80%
Las Cruces 139,338
79%
Ogden 608,857
78%
St. George 134,109
70%
Roswell 48,831
64%
Elko 21,695
63%
Farmington 51,763
60%
Lake Havasu City 59,017
59%
Prescott 92,427
56%
Logan 113,927
55%
Taos 15,665
50%
Moab 7,933
49%
Truth or Consequences 7,713
48%
Boulder City 14,181
44%
Gallup 24,448
44%
Nogales 19,168
44%
Clovis 39,314
43%
Carlsbad 34,442
41%
Ely 4,455
41%
Winnemucca 10,546
41%
Bullhead City 54,396
40%
Sedona 9,190
40%
Alamogordo 30,801
39%
Los Alamos 13,283
39%
Kingman 46,953
38%
Maricopa 57,771
38%
Mesquite 19,206
38%
Page 7,022
38%
Park City 16,168
38%
Sierra Vista 54,274
38%
Buckeye 23,897
36%
Buckeye North 6,796
36%
Casa Grande 50,981
36%
Hobbs 44,157
36%
Cedar City 40,899
35%
Pahrump 37,498
35%
Douglas 16,582
34%
Prescott Valley East 7,229
34%
West Wendover 5,238
34%
Goodyear South 16,042
33%
Show Low 12,173
33%
Fernley 19,233
29%
Marana 10,618
29%
Tooele 34,892
29%
Fallon 16,753
28%
Silver City 11,817
26%
Vernal 19,620
26%
Hurricane 19,370
25%
San Luis 24,790
25%
Tucumcari 5,217
25%
Vistancia 19,593
25%
Globe 12,620
23%
Payson 31,132
23%
Winslow 7,667
23%
Brigham City 25,827
21%
Grants 9,972
21%
Los Lunas 53,365
21%
Artesia 14,149
20%
Aztec 7,301
20%
Bisbee 4,637
20%
Payson 17,022
20%
Price 13,346
20%
Socorro 8,122
20%
Deming 14,913
19%
Heber City 25,059
19%
Heber-Overgaard 3,573
19%
Nephi 6,330
19%
Portales 12,202
19%
Gardnerville 21,338
18%
Safford 18,331
16%
Eagle Mountain 10,269
15%
Quartzsite 2,280
15%
Raton 5,629
15%
Snowflake 5,342
15%
Cottonwood 29,121
14%
Ephraim 5,049
14%
Florence East 14,049
14%
Florence West 11,636
14%
Incline Village 19,441
14%
Laughlin 6,579
14%
Lovington 11,765
14%
Ruidoso 11,042
14%
Shiprock 6,190
14%
Española 23,931
13%
Richfield 8,393
13%
Wickenburg 4,801
13%
Coolidge 12,008
11%
Somerton 13,847
11%
Tremonton 11,898
11%
Grantsville 9,598
10%
Sahuarita 17,276
10%
Bloomfield 7,841
9%
Parker 5,329
9%
Roosevelt 6,316
9%
Tuba City 7,942
9%
Benson 3,830
8%
Camp Verde 5,759
8%
Dayton Northeast 6,248
8%
Dayton Southwest 7,547
8%
Pinetop-Lakeside 9,393
8%
White Rock 5,169
8%
Green Valley 37,315
6%
Vail 12,835
6%
Arizona City 9,640
5%
Cold Springs 9,686
5%
Johnson Lane 5,268
5%
Stansbury Park 12,804
4%
Summit Park 7,317
4%
Chino Valley 13,317
3%
Gold Canyon 9,590
3%
Munds Park 773
3%
Village of Oak Creek 6,128
3%
Bayard 4,975
1%
Corona de Tucson 7,866
1%
Kirtland 5,737
1%
Rio Verde 2,765
1%
Cienega Springs 2,041
0%
No matching quizzes found
Score Distribution
Percent of People with Each Score
Percentile by Number Answered
Your Score History
You have not taken this quiz